|
|
|
|
| LEADER |
00000cam a2200000 i 4500 |
| 001 |
1/10072 |
| 008 |
971105s1992 eng d |
| 020 |
|
|
|a 1-85742-014-4
|
| 035 |
|
|
|l 10017720
|
| 040 |
|
|
|a GR-MY-UA
|b gre
|e aacr
|
| 041 |
0 |
|
|a eng
|
| 082 |
0 |
|
|a 025.82
|
| 245 |
1 |
0 |
|a Security and crime prevention in libraries /
|c edited by Michael Chaney and Alan F. MacDougall.
|
| 260 |
|
|
|a Aldershot :
|b Ashgate,
|c c1992.
|
| 300 |
|
|
|a ix, 307 σ. ;
|c 24 εκ.
|
| 504 |
|
|
|a Περιλαμβάνει βιβλιογραφικές παραπομπές και ευρετήριο.
|
| 650 |
0 |
0 |
|a Libraries
|x Security measures
|z Great Britain.
|
| 700 |
1 |
|
|a Chaney, Michael
|d 1949-
|e edt
|
| 700 |
1 |
|
|a MacDougall, Alan,
|e edt
|4 edt
|
| 852 |
|
|
|a INST
|b LESVOS
|e 19971105
|h 025.82 SEC
|p 005100011284
|q 005100011284
|t BK
|y 0
|
| 909 |
|
|
|a Λ
|b 050109
|